Roadside Group Limited v Zara Commercial Limited (Record no. 82715)
[ view plain ]
| 000 -LEADER | |
|---|---|
| fixed length control field | 01564cam a22002415a 4500 |
| 001 - CONTROL NUMBER | |
| control field | L151157 |
| 008 - FIXED-LENGTH DATA ELEMENTS--GENERAL INFORMATION | |
| fixed length control field | 101004e2010 xxk 000 0 eng d |
| 035 ## - SYSTEM CONTROL NUMBER | |
| System control number | (Sirsi) u151157 |
| 041 0# - LANGUAGE CODE | |
| Language code of text/sound track or separate title | eng |
| 245 00 - TITLE STATEMENT | |
| Title | Roadside Group Limited v Zara Commercial Limited |
| 260 ## - PUBLICATION, DISTRIBUTION, ETC. | |
| Date of publication, distribution, etc. | 2010 |
| 520 ## - SUMMARY, ETC. | |
| Summary, etc. | [2010] EWHC 1950 (Ch), 30 July 2010. Appeal considers whether a tenant was liable under its lease for particular activities of its subtenant. Respondent landlord (Z) contended that tenant (R) was as a result of its subtenant (T) in breach of a covenant in its underlease not to use the demised premises "for the parking of motor vehicles for sale on any forecourt" and that Z was thereby entitled to forfeiture of the underlease and possession of the demised premises. Held: R was not in breach of the parking covenant because T was to blame. Found that the phrase in R's contract "not to use" referred to breaches by R not its subtenant T. |
| 590 ## - LOCAL NOTE (RLIN) | |
| Local note | KA |
| 650 24 - SUBJECT ADDED ENTRY--TOPICAL TERM | |
| Topical term or geographic name entry element | ROADSIDE GROUP LTD V ZARA COMMERCIAL LTD |
| 650 24 - SUBJECT ADDED ENTRY--TOPICAL TERM | |
| Topical term or geographic name entry element | MORRELLS OF OXFORD LTD V OXFORD UNITED FOOTBALL CLUB AND OTHERS |
| 650 24 - SUBJECT ADDED ENTRY--TOPICAL TERM | |
| Topical term or geographic name entry element | BERTON V ALLIANCE ECONOMIC INVESTMENT CO |
| 650 24 - SUBJECT ADDED ENTRY--TOPICAL TERM | |
| Topical term or geographic name entry element | EARL OF SEFTON V TOPHAMS LTD |
| 650 24 - SUBJECT ADDED ENTRY--TOPICAL TERM | |
| Topical term or geographic name entry element | LAW OF PROPERTY ACT 1925 S79 |
| 651 #4 - SUBJECT ADDED ENTRY--GEOGRAPHIC NAME | |
| Geographic name | England and Wales |
| Chronological subdivision | 1543- |
| 690 ## - LOCAL SUBJECT ADDED ENTRY--TOPICAL TERM (OCLC, RLIN) | |
| Topical term or geographic name as entry element | PROPERTY-COMMERCIAL PROPERTY-LEASEHOLD COMMERCIAL PROPERTY-COMMERCIAL LANDLORD AND TENANT-COMMERCIAL LEASES-BREACHING COMMERCIAL LEASES |
| 856 48 - ELECTRONIC LOCATION AND ACCESS | |
| Uniform Resource Identifier | <a href="https://www.bailii.org/ew/cases/EWHC/Ch/2010/1950.html">https://www.bailii.org/ew/cases/EWHC/Ch/2010/1950.html</a> |
| Public note | View the law report free of charge at www.bailii.org |
| 942 ## - ADDED ENTRY ELEMENTS (KOHA) | |
| Suppress in OPAC | 0 |
| Withdrawn status | Lost status | Source of classification or shelving scheme | Damaged status | Not for loan | Home library | Current library | Shelving location | Date acquired | Total Checkouts | Full call number | Barcode | Date last seen | Copy number | Price effective from | Koha item type |
|---|---|---|---|---|---|---|---|---|---|---|---|---|---|---|---|
| Dewey Decimal Classification | Virtual | Virtual | Online | 04/10/2010 | ONLINE PUBLICATION | 151157-2001 | 06/08/2019 | 1 | 06/08/2019 | Law report |